Doctrina [de Fray Bartolomé de las Casas] /

El presente es una serie de escritos realizados por Fray Bartolomé de las Casas en el que describe la situación de los indígenas durante la Epoca de la Colonia, en México, de cómo éstos eran vistos y tratados por los españoles y la postura clara a favor de los indígenas.

Kaydedildi:
Detaylı Bibliyografya
Yazar: Casas, Bartolomé de las, Fray (autor)
Diğer Yazarlar: Yáñez, Agustín (selección) (selección)
Materyal Türü: Kitap
Dil:İspanyolca
Baskı/Yayın Bilgisi: México : UNAM, Coordinación de Humanidades, 1982, c1982
Edisyon:4a edición
Seri Bilgileri:(Biblioteca del Estudiante Universitario ; 22)
Konular:
Etiketler: Etiketle
Etiket eklenmemiş, İlk siz ekleyin!

MARC

LEADER 00000nam^a2200000^a^4500
001 000014377
005 20250521000000.0
009 20260310083939.789
020 |a 968-58-0418-4 
037 |a Acervo ITESO - Biblioteca 
041 |a ESP 
082 |a 972. 03  |b CAS 
100 |a Casas, Bartolomé de las,  |c Fray  |e (autor) 
245 1 0 |a Doctrina [de Fray Bartolomé de las Casas] /  |c B. de las Casas ; pról. y selec. de A. Yáñez. 
250 |a 4a edición 
264 4 |a México :  |b UNAM, Coordinación de Humanidades,  |c 1982, c1982 
300 |a XXXVI, 178 p. 
336 |a texto  |b txt  |2 rdacontenido 
337 |a sin mediación  |b n  |2 rdamedio 
338 |a volumen  |b nc  |2 rdasoporte 
440 1 |a (Biblioteca del Estudiante Universitario ;  |v 22) 
520 |a El presente es una serie de escritos realizados por Fray Bartolomé de las Casas en el que describe la situación de los indígenas durante la Epoca de la Colonia, en México, de cómo éstos eran vistos y tratados por los españoles y la postura clara a favor de los indígenas. 
649 |a XX 
650 |a Indígenas de México -  |x Condiciones Sociales y Culturales -  |x Tema Principal 
650 |a Esclavitud -  |z México -  |x Historia -  |y Epoca Colonial, 1517-1821 
650 |a Encomienda -  |z México 
650 |a Prácticas Culturales -  |z México -  |x Historia -  |y Epoca Colonial, 1517-1821 
650 |a Monasticismo y Ordenes Religiosas -  |z México -  |x Historia 
650 |a Iglesia Católica en México -  |x Historia -  |y Epoca Colonial, 1517-1821 
650 |a Justicia e Injusticia -  |z México -  |x Historia -  |y Epoca Colonial, 1517-1821 
650 |a Interacción Social -  |z México -  |x Historia -  |y Epoca Colonial, 1517-1821 
650 |a Evangelización -  |x Tema Principal 
650 |a Derecho Indígena 
650 |a Política Indigenista 
650 |a México -  |x Historia -  |y Siglo XVI 
650 |a México -  |x Historia -  |y Epoca Colonial, 1517-1821 
700 |a Yáñez, Agustín  |e (selección) 
910 |a Fondo General 
920 |a Impresos - Libros 
930 |a Colección General 
905 |a 101 
901 |a 0143770100  |b IT1  |c ACC  |i 014377  |u 20250521 
902 |a https://opac.biblio.iteso.mx/vufind/Record/000014377